Kỹ thuật canh tác cây ăn trái: Cây cam quýt

Nội dung sách giới thiệu về nguồn gốc, đặc điểm thực vật học, yêu cầu điều kiện ngoại cảnh, giống và kỹ thuật nhân giống, kỹ thuật trồng trọt, chăm sóc, phòng trừ sâu bệnh,... của cây cam quýt....

全面介紹

Đã lưu trong:
書目詳細資料
主要作者: Nguyễn, Danh Vàn
格式: 圖書
語言:Undetermined
出版: Thành phố Hồ Chí Minh Tổng hợp Thành phố Hồ Chí Minh 2008
主題:
標簽: 添加標簽
沒有標簽, 成為第一個標記此記錄!
Thư viện lưu trữ: Trung tâm Học liệu Trường Đại học Cần Thơ
LEADER 00991nam a2200229Ia 4500
001 CTU_154834
008 210402s9999 xx 000 0 und d
020 |c 33500 
082 |a 634.31 
082 |b V105/Q.2 
100 |a Nguyễn, Danh Vàn 
245 0 |a Kỹ thuật canh tác cây ăn trái: 
245 0 |b Cây cam quýt 
245 0 |c Nguyễn Danh Vàn 
260 |a Thành phố Hồ Chí Minh 
260 |b Tổng hợp Thành phố Hồ Chí Minh 
260 |c 2008 
520 |a Nội dung sách giới thiệu về nguồn gốc, đặc điểm thực vật học, yêu cầu điều kiện ngoại cảnh, giống và kỹ thuật nhân giống, kỹ thuật trồng trọt, chăm sóc, phòng trừ sâu bệnh,... của cây cam quýt. 
650 |a Orange,Mandarin orange 
904 |i Giang 
910 |a Ngô Hồng Xuân 
980 |a Trung tâm Học liệu Trường Đại học Cần Thơ